[Event "DRUZYNOWE MISTRZOSTWA POLSKI JUNIOROW - II LIGA"]
[Site "Szczyrk, CKiR Orle Gniazdo ul. Wrzosowa 28a"]
[Date "2014-07-26"]
[Round "3.54"]
[White "Czarniecka, Aleksandra"]
[Black "Jurkiewicz, Zuzanna"]
[Result "1-0"]
[WhiteTitle "I"]
[BlackTitle "I"]
[WhiteElo "1260"]
[BlackElo "1442"]

1. e4 c5 2. Nf3 e6 3. d4 cxd4 4. Nxd4 a6 5. Bd3 d6 6. c3 Nf6 7. f4 Nbd7 8. O-O
Be7 9. Kh1 O-O 10. Na3 Qc7 11. Nc4 Nxe4 12. Bxe4 Qxc4 13. Be3 Rb8 14. Qg4 Nf6
15. Qf3 Nxe4 16. Qxe4 Bf6 17. Qf3 b5 18. Qg3 b4 19. f5 Be5 20. Bf4 bxc3 21. bxc3
Bxf4 22. Rxf4 Qxa2 23. Rff1 Qd5 24. f6 g6 25. c4 Qxd4 26. Qh3 Qd2 27. Ra3 e5 28.
Qg3 e4 29. Re3 Re8 30. Qg5 Qd4 31. h3 Kh8 32. Qh6 Rg8 33. Re2 Be6 34. Rf4 Rb1+
35. Kh2 Qg1+ 36. Kg3 Rb3+ 37. Kh4 g5+ 38. Kh5 Bxh3 39. Rfxe4 Bf5 40. Qg7+ 1-0

[Event "DRUZYNOWE MISTRZOSTWA POLSKI JUNIOROW - II LIGA"]
[Site "Szczyrk, CKiR Orle Gniazdo ul. Wrzosowa 28a"]
[Date "2014-07-26"]
[Round "3.55"]
[White "Niedbala, Wojciech"]
[Black "Banach, Szymon"]
[Result "0-1"]
[WhiteTitle "I"]
[BlackTitle "I+"]
[WhiteElo "1851"]
[BlackElo "1891"]

1. e4 c5 2. c3 e6 3. d4 d5 4. e5 Nc6 5. Nf3 Qb6 6. a3 Nh6 7. b4 cxd4 8. cxd4 Nf5
9. Bb2 Bd7 10. g4 Nfe7 11. Nc3 Na5 12. Nd2 Ng6 13. h4 Be7 14. g5 Nc4 15. Bxc4
dxc4 16. Qg4 Bc6 17. Nce4 O-O-O 18. Bc3 Bd5 19. Rg1 h5 20. Qg3 Bxe4 21. Nxe4 Rxd4
22. Bxd4 Qxd4 23. Nc3 Nxe5 24. Rd1 Nd3+ 25. Rxd3 cxd3 26. Nb5 Qa1+ 27. Kd2 Qa2+
28. Kxd3 Rd8+ 29. Nd4 Qb3+ 0-1

[Event "DRUZYNOWE MISTRZOSTWA POLSKI JUNIOROW - II LIGA"]
[Site "Szczyrk, CKiR Orle Gniazdo ul. Wrzosowa 28a"]
[Date "2014-07-26"]
[Round "3.56"]
[White "Kaminski, Piotr"]
[Black "Wojciechowski, Antoni"]
[Result "1-0"]
[WhiteTitle "II+"]
[BlackTitle "II+"]
[WhiteElo "1601"]
[BlackElo "1529"]

1. e4 e6 2. d4 d5 3. e5 c5 4. c3 Nc6 5. Nf3 cxd4 6. cxd4 Bb4+ 7. Nc3 Nge7 8. Bd3
Qc7 9. Bd2 a6 10. O-O O-O 11. Rc1 Bd7 12. a3 Ba5 13. h4 Bxc3 14. Rxc3 Qd8 15.
Bxh7+ Kh8 16. Ng5 Nf5 17. Bxf5 1-0

[Event "DRUZYNOWE MISTRZOSTWA POLSKI JUNIOROW - II LIGA"]
[Site "Szczyrk, CKiR Orle Gniazdo ul. Wrzosowa 28a"]
[Date "2014-07-26"]
[Round "3.57"]
[White "Andrzejewska, Maja"]
[Black "Mietkiewicz, Jacek"]
[Result "0-1"]
[WhiteTitle "II"]
[BlackTitle "II+"]
[WhiteElo "1134"]
[BlackElo "1564"]

1. e4 c5 2. Nf3 Nc6 3. Bb5 Nf6 4. Nc3 e6 5. Bxc6 bxc6 6. d4 d5 7. Bg5 Be7 8. Bxf6
Bxf6 9. dxc5 Bxc3+ 10. bxc3 Ba6 11. exd5 cxd5 12. Qd4 O-O 13. Ne5 Rc8 14. Qa4
Qc7 15. Nd3 Bxd3 16. cxd3 Qxc5 17. Rc1 d4 18. c4 Qe5+ 19. Kd1 Qf5 20. Qc2 Rc5
21. h3 h6 22. Rb1 Rfc8 23. Rf1 Qf4 24. Qd2 Qf5 25. a4 Rxc4 26. Rb5 R4c5 27. Rxc5
Rxc5 28. Re1 Qg5 29. Qxg5 Rxg5 30. g4 Ra5 31. f4 Rxa4 32. Ke2 Ra2+ 33. Kf3 Rh2
34. Ra1 Rxh3+ 35. Ke4 Rg3 36. Kxd4 Rxg4 37. Ke3 Rg3+ 38. Ke4 h5 39. Rxa7 h4 40.
Ra1 f6 41. d4 f5+ 42. Ke5 Re3+ 43. Kd6 Re4 44. d5 exd5 45. Kxd5 Rxf4 46. Ke5 Rf3
47. Rh1 h3 48. Rh2 g5 49. Rh1 g4 50. Rh2 Kg7 51. Ke6 Kg6 52. Ke5 Rg3 53. Kf4 Rg2
54. Rh1 h2 55. Re1 Rg1 56. Re6+ Kf7 57. Re5 Rf1+ 58. Kg5 h1=Q 59. Rc5 Qh8 60.
Rc7+ Ke6 61. Rc6+ Kd5 62. Rg6 Qd8+ 63. Rf6 Rh1 64. Kg6 Rh6+ 65. Kxf5 Qxf6+ 66.
Kxg4 Rg6+ 67. Kh3 Qf3+ 68. Kh4 Qg4# 0-1

[Event "DRUZYNOWE MISTRZOSTWA POLSKI JUNIOROW - II LIGA"]
[Site "Szczyrk, CKiR Orle Gniazdo ul. Wrzosowa 28a"]
[Date "2014-07-26"]
[Round "3.58"]
[White "Kukorowski, Jan"]
[Black "Poltorak, Sebastian"]
[Result "1/2-1/2"]
[WhiteTitle "II"]
[BlackTitle "II"]
[WhiteElo "1359"]
[BlackElo "1455"]

1. e4 c5 2. Nf3 d6 3. Bb5+ Bd7 4. Bxd7+ Qxd7 5. O-O Nf6 6. Nc3 g6 7. d4 cxd4 8.
Nxd4 Bg7 9. h3 O-O 10. Be3 Nc6 11. Qd2 Ne5 12. b3 Rac8 13. f3 Rfd8 14. Rad1 Rb8
15. Nde2 b6 16. Ng3 Rdc8 17. f4 Nc6 18. Nce2 Rc7 19. c4 b5 20. c5 Ne8 21. e5 Rd8
22. exd6 exd6 23. f5 dxc5 24. fxg6 hxg6 25. Qxd7 Rcxd7 26. Rxd7 Rxd7 27. Bxc5
Rd2 28. Re1 Nf6 29. Nc1 Rc2 30. b4 Rc3 31. Nge2 Rc4 32. Nb3 Nxb4 33. Bxa7 Nxa2
34. Nbd4 b4 35. Rb1 Nc3 36. Nxc3 bxc3 37. Nc2 Ne4 38. Rb4 Rc7 39. Bd4 f5 40. Be3
Rd7 41. Rb6 Kh7 42. Rb1 Bh6 1/2-1/2

[Event "DRUZYNOWE MISTRZOSTWA POLSKI JUNIOROW - II LIGA"]
[Site "Szczyrk, CKiR Orle Gniazdo ul. Wrzosowa 28a"]
[Date "2014-07-26"]
[Round "3.59"]
[White "Jarmuzek, Karolina"]
[Black "Wilk, Oktawia"]
[Result "0-1"]
[WhiteTitle "I+"]
[BlackTitle "I+"]
[WhiteElo "1742"]
[BlackElo "1662"]

1. e4 e6 2. d4 d5 3. Nc3 Nf6 4. Bg5 Be7 5. e5 Nfd7 6. Bxe7 Qxe7 7. f4 c5 8. Nb5
Qd8 9. Nd6+ Ke7 10. Nf3 f6 11. Qe2 Nc6 12. O-O-O Qb6 13. f5 Nxd4 14. Nxd4 cxd4
15. fxe6 Nxe5 16. Nf5+ Kf8 17. Nxd4 Bxe6 18. Nxe6+ Qxe6 19. Qb5 Qc6 20. Qb4+ Kf7
21. Qb3 Rhd8 22. Bb5 Qc5 23. Rhe1 Rac8 24. h3 a6 25. Bf1 b5 26. Rd2 Rd6 27. g4
Kf8 28. Qg3 h6 29. h4 Qb4 30. g5 Qg4 31. Qxg4 Nxg4 32. Bh3 Rc4 33. Bf1 Rf4 34.
gxh6 Nxh6 35. Bd3 Nf7 36. h5 Ne5 37. Bg6 Nxg6 38. hxg6 f5 39. Rg1 Re4 40. Rf2
Rf6 41. Rg5 Re5 42. Kd2 Ke7 43. Re2 Kd6 44. Rxe5 Kxe5 45. Ke3 d4+ 46. Kf3 Rc6
47. Rg2 a5 48. Re2+ Kf6 49. Rg2 Re6 50. Kf4 Re4+ 51. Kf3 Rh4 52. Re2 Rg4 53. Re8
Rxg6 54. Rb8 Rg1 55. Rxb5 g5 56. Rxa5 g4+ 57. Kf2 Rc1 58. c3 Rc2+ 59. Kg3 dxc3
60. bxc3 Rxc3+ 61. Kf2 g3+ 62. Kg2 f4 63. a4 Rc2+ 64. Kg1 f3 65. Ra8 Rc1# 0-1

[Event "DRUZYNOWE MISTRZOSTWA POLSKI JUNIOROW - II LIGA"]
[Site "Szczyrk, CKiR Orle Gniazdo ul. Wrzosowa 28a"]
[Date "2014-07-26"]
[Round "3.61"]
[White "Kulas, Szymon"]
[Black "Drabek, Jan"]
[Result "1-0"]
[WhiteTitle "I++"]
[BlackTitle "I"]
[WhiteElo "2005"]
[BlackElo "1632"]

1. d4 g6 2. c4 Bg7 3. Nc3 c5 4. d5 Bxc3+ 5. bxc3 f5 6. e4 fxe4 7. f3 Qa5 8. Qc2
Nf6 9. fxe4 Nxe4 10. Bd3 Nf6 11. Nf3 d6 12. O-O Nbd7 13. Bg5 Kd8 14. Rae1 Re8
15. Re2 a6 16. Rfe1 b5 17. Bf4 bxc4 18. Ng5 Nb6 19. Nf7+ Kd7 20. Bf5+ gxf5 21.
Qxf5+ Kc7 22. Rxe7+ Rxe7 23. Rxe7+ Nfd7 24. Bxd6+ Kb7 25. Nd8+ Ka7 26. Nc6+ Kb7
27. Nxa5+ Ka7 28. Bxc5 1-0

[Event "DRUZYNOWE MISTRZOSTWA POLSKI JUNIOROW - II LIGA"]
[Site "Szczyrk, CKiR Orle Gniazdo ul. Wrzosowa 28a"]
[Date "2014-07-26"]
[Round "3.62"]
[White "Mrozowski, Patryk"]
[Black "Nowak, Kamil"]
[Result "1-0"]
[WhiteTitle "I"]
[BlackTitle "I"]
[WhiteElo "1795"]
[BlackElo "1845"]

1. e4 c5 2. Nf3 d6 3. d4 cxd4 4. Nxd4 Nf6 5. Nc3 Nc6 6. Bc4 Qb6 7. Nb3 e6 8. Be3
Qc7 9. f4 a6 10. a4 b6 11. O-O Be7 12. Qe2 Nb4 13. Bd3 Bb7 14. Rad1 O-O 15. Nd4
Rfd8 16. Kh1 Rac8 17. Rf3 d5 18. e5 Ne4 19. Rh3 g6 20. Nb1 Bc5 21. c3 Nxd3 22.
Qxd3 Bc6 23. b3 Qb7 24. Nd2 b5 25. axb5 axb5 26. b4 Bxd4 27. Bxd4 Nxd2 28. Qxd2
h5 29. Qf2 Qa6 30. Qh4 Qa4 31. Rg1 Qc2 32. Qg5 Qf5 33. Rxh5 Qxg5 34. Rxg5 Ra8
35. h4 Kg7 36. Kh2 Rh8 37. Kh3 Ra2 38. Rg3 Rha8 39. Rd3 Rc2 40. Rdd1 Raa2 41.
g4 Bd7 42. f5 Bc6 43. f6+ Kh7 44. Ra1 Bb7 45. Kg3 Bc6 46. Rxa2 Rxa2 47. Kf4 Bb7
48. Kg5 Bc6 49. h5 gxh5 50. Kxh5 Bb7 51. Kg5 Bc6 52. Rh1+ Kg8 53. Kf4 Bb7 54.
Kg5 Bc6 55. Kh6 Bd7 56. Rh5 Bc6 57. Kg5 Bb7 58. Kf4 Bc6 59. Rg5+ Kh8 60. Ke3 Ra1
61. Rg7 Be8 62. Kd2 Ra2+ 63. Kd3 Ra1 64. Bc5 Rd1+ 65. Ke2 Rc1 66. Kd2 Ra1 67.
Bf8 Rb1 68. Rg5 Rh1 69. Ke3 Bc6 70. Kd4 Be8 71. Kc5 Kh7 72. Kd6 Ra1 73. Rh5+ Kg6
74. Rh8 Ra7 75. Be7 Rd7+ 76. Kc5 Rc7+ 77. Kd4 Rc4+ 78. Kd3 Bc6 79. Rg8+ Kh7 80.
Rg7+ Kh6 81. Bf8 d4 82. Rxf7+ Kg5 83. cxd4 Kf4 84. Bh6+ Kf3 85. Ra7 Be4+ 86. Kd2
Rxd4+ 87. Ke1 Bg6 88. f7 Re4+ 89. Kd2 Bxf7 90. Rxf7+ Kxg4 91. Bg7 Rxb4 92. Rf6
Rc4 93. Rxe6 Kf5 94. Rb6 b4 95. Kd3 Rg4 96. Bh8 Rh4 97. Bf6 Rg4 98. Kc2 Re4 99.
Kb3 Rg4 100. Rxb4 1-0

[Event "DRUZYNOWE MISTRZOSTWA POLSKI JUNIOROW - II LIGA"]
[Site "Szczyrk, CKiR Orle Gniazdo ul. Wrzosowa 28a"]
[Date "2014-07-26"]
[Round "3.63"]
[White "Dolharz, Jakub"]
[Black "Jaszczuk, Mateusz"]
[Result "1-0"]
[WhiteTitle "II"]
[BlackTitle "II"]
[WhiteElo "1164"]
[BlackElo "1426"]

1. e4 c5 2. Nc3 Nc6 3. Bc4 g6 4. d3 Bg7 5. Nge2 Nf6 6. Be3 d6 7. Qd2 O-O 8. O-O
a6 9. a4 Nd7 10. f4 Nf6 11. f5 Ng4 12. Kh1 Nxe3 13. Qxe3 Bd7 14. fxg6 hxg6 15.
Qg3 Ne5 16. Bb3 b5 17. axb5 axb5 18. Bd5 Ra5 19. d4 cxd4 20. Nxd4 Qb6 21. Nf3
b4 22. Ne2 Qa7 23. Rxa5 Qxa5 24. h3 Bb5 25. Qf2 Bc4 26. Nxe5 Bxd5 27. Nd7 Rd8
28. exd5 Rxd7 29. Qxf7+ Kh8 30. Qe8+ Kh7 31. Qxd7 Qxd5 32. Qxe7 Qd2 33. Rf7 1-0

[Event "DRUZYNOWE MISTRZOSTWA POLSKI JUNIOROW - II LIGA"]
[Site "Szczyrk, CKiR Orle Gniazdo ul. Wrzosowa 28a"]
[Date "2014-07-26"]
[Round "3.65"]
[White "Dwilewicz, Agata"]
[Black "Krzysztynska, Anna"]
[Result "0-1"]
[WhiteTitle "I"]
[BlackTitle "I"]
[WhiteElo "1540"]
[BlackElo "1411"]

1. e4 e5 2. Nc3 Nf6 3. g3 Nc6 4. Bg2 Bc5 5. Nge2 d6 6. h3 Be6 7. O-O Qd7 8. Kh2
O-O-O 9. a3 g5 10. b4 Bb6 11. Nd5 Ne8 12. d3 Ne7 13. Bxg5 Bxd5 14. exd5 f6 15.
Bd2 Ng7 16. a4 c6 17. c4 cxd5 18. cxd5 Kb8 19. a5 Bc7 20. Nc3 Rde8 21. b5 Bd8
22. Qb3 Ng6 23. a6 b6 24. Qc4 Ne7 25. Na2 Ngf5 26. Nb4 Nd4 27. Nc6+ Nexc6 28.
dxc6 Qg7 29. Bc3 Ne6 30. Qd5 Nc7 31. Qc4 h5 32. Bb4 Be7 33. d4 d5 34. Qb3 e4 35.
Bxe7 Qxe7 36. Rfe1 f5 37. Rab1 h4 38. Qe3 Ne6 39. Rec1 Kc7 40. Rb3 Reg8 41. Rd1
Qg7 42. Ra3 f4 43. Qb3 f3 44. g4 fxg2 45. Kxg2 Nf4+ 46. Kh2 Qf7 47. Qe3 Rf8 48.
Ra2 Rh6 49. Rg1 Rf6 50. g5 Rf5 51. Rg4 Ng6 52. Kg1 Rf3 0-1

[Event "DRUZYNOWE MISTRZOSTWA POLSKI JUNIOROW - II LIGA"]
[Site "Szczyrk, CKiR Orle Gniazdo ul. Wrzosowa 28a"]
[Date "2014-07-26"]
[Round "3.66"]
[White "Winter, Anna"]
[Black "Szulc, Patrycja"]
[Result "1/2-1/2"]
[WhiteTitle "II+"]
[BlackTitle "II"]
[WhiteElo "1340"]
[BlackElo "1383"]

1. e4 c5 2. Nf3 d6 3. c3 d5 4. exd5 Qxd5 5. Be2 Nf6 6. O-O e6 7. d4 cxd4 8. Qxd4
Qc6 9. Bg5 Be7 10. Nbd2 O-O 11. Qd3 Nbd7 12. Nd4 Qc7 13. Rfe1 Nc5 14. Qc2 a6 15.
Rad1 h6 16. Bh4 Bd7 17. Bg3 Qc8 18. Bf3 Rd8 19. Ne4 Nfxe4 20. Bxe4 Nxe4 21. Qxe4
Bc5 22. h3 Bxd4 23. Rxd4 Bc6 24. Qe3 Bd5 25. Red1 b5 26. Bh2 Qb7 27. g4 Rdc8 28.
a3 a5 29. Qe5 Rc4 30. Rxc4 Bxc4 31. Qe3 b4 32. axb4 axb4 33. cxb4 Qxb4 34. Be5
Bb3 35. Bc3 Qc4 36. Rd4 Ra1+ 37. Kh2 Qc7+ 38. Qg3 Qc8 39. Re4 Qa8 40. Re1 Rxe1
41. Bxe1 Qd5 42. Bc3 Qc5 43. Qb8+ Kh7 44. Qxb3 Qxf2+ 45. Kh1 Qf1+ 1/2-1/2

[Event "DRUZYNOWE MISTRZOSTWA POLSKI JUNIOROW - II LIGA"]
[Site "Szczyrk, CKiR Orle Gniazdo ul. Wrzosowa 28a"]
[Date "2014-07-26"]
[Round "3.67"]
[White "Tomaka, Marek"]
[Black "Lizak, Jakub"]
[Result "0-1"]
[WhiteTitle "II"]
[BlackTitle "I++"]
[WhiteElo "1623"]
[BlackElo "1980"]

1. e4 c5 2. Nf3 e6 3. d4 cxd4 4. Nxd4 a6 5. c4 Nf6 6. Bd3 Qc7 7. Qe2 d6 8. O-O
g6 9. Nc3 Bg7 10. Nc2 O-O 11. Kh1 Nbd7 12. f4 b6 13. Bd2 Bb7 14. Rae1 Rfd8 15.
Be3 Rac8 16. Bd4 Nc5 17. b3 Nxd3 18. Qxd3 d5 19. e5 dxc4 20. bxc4 Nd7 21. Ne3
Nc5 22. Qd2 Rd7 23. Rd1 Rcd8 24. Nc2 Ne4 25. Qd3 Nxc3 26. Qxc3 b5 27. c5 Bf8 28.
Rc1 a5 29. Be3 Qc6 30. Ne1 Rd3 31. Qxa5 Ra8 0-1

[Event "DRUZYNOWE MISTRZOSTWA POLSKI JUNIOROW - II LIGA"]
[Site "Szczyrk, CKiR Orle Gniazdo ul. Wrzosowa 28a"]
[Date "2014-07-26"]
[Round "3.68"]
[White "Szolc, Grzegorz"]
[Black "Modlich, Kacper"]
[Result "1/2-1/2"]
[WhiteTitle "I"]
[BlackTitle "II+"]
[WhiteElo "1883"]
[BlackElo "1591"]

1. e4 c5 2. c3 Nf6 3. e5 Nd5 4. d4 e6 5. Nf3 cxd4 6. cxd4 Nc6 7. Be2 d6 8. exd6
Bxd6 9. O-O O-O 10. Nc3 Be7 11. Re1 Bf6 12. Ne4 Nce7 13. Nxf6+ Nxf6 14. Bg5 Nfd5
15. Rc1 Qb6 16. Qd2 Bd7 17. b3 h6 18. Bxe7 Nxe7 19. Ne5 Bc6 20. Red1 Rad8 21.
Qb2 Nf5 22. Nxc6 bxc6 23. Rc4 Rd6 24. g4 Ne7 25. Qa3 Rfd8 26. Rb4 Qc7 27. Ra4
Nc8 28. Bf3 c5 29. Rc4 Rxd4 30. Rdxd4 Rxd4 31. Qxc5 Rxc4 32. Qxc4 Qd7 33. Qc6
Qxc6 34. Bxc6 Kf8 35. Kf1 Ke7 36. Ke2 Kd6 37. Bg2 Kc5 38. a3 Nd6 39. Kd3 a5 40.
Bf1 Nb5 41. a4 Nd4 42. Kc3 Nf3 43. h3 Ng5 44. Bg2 e5 45. h4 Ne6 46. Be4 Nd4 47.
Bd3 Nf3 48. h5 Nd4 49. Bc4 f6 50. Bd3 Ne6 51. Bc4 1/2-1/2

[Event "DRUZYNOWE MISTRZOSTWA POLSKI JUNIOROW - II LIGA"]
[Site "Szczyrk, CKiR Orle Gniazdo ul. Wrzosowa 28a"]
[Date "2014-07-26"]
[Round "3.69"]
[White "Ulatowski, Jakub"]
[Black "Tustanowski, Mateusz"]
[Result "1-0"]
[WhiteTitle "II"]
[BlackTitle "I"]
[WhiteElo "1477"]
[BlackElo "1760"]

1. e4 e5 2. Nf3 Nc6 3. Bb5 a6 4. Ba4 Nf6 5. O-O b5 6. Bb3 Be7 7. Re1 O-O 8. h3
d6 9. c3 Na5 10. Bc2 c5 11. d4 Qc7 12. Nbd2 Bd7 13. Nf1 Nc6 14. Ng3 cxd4 15. cxd4
exd4 16. Ne2 d5 17. exd5 Nxd5 18. Nexd4 Bc5 19. Bxh7+ Kh8 20. Be4 Nf6 21. Bxc6
Bxc6 22. Nxc6 Qxc6 23. Be3 Bd6 24. Rc1 Qd7 25. Bg5 Rad8 26. Qd2 Qf5 27. Qc2 Qxc2
28. Rxc2 Rc8 29. Rec1 Rxc2 30. Rxc2 Ne4 31. Be3 Rd8 32. g3 Be7 33. Bd4 Ng5 34.
Nxg5 Bxg5 35. Bc3 Kh7 36. h4 Rd1+ 37. Kg2 Be7 38. Rd2 Rxd2 39. Bxd2 f5 40. Bc3
g5 41. hxg5 Bxg5 42. f4 Be7 43. Kf3 Kg6 44. g4 fxg4+ 45. Kxg4 b4 46. Be5 Bc5 47.
f5+ Kf7 48. Kf4 a5 49. b3 Bb6 50. Ke4 Ke7 51. Kd5 Kd7 52. f6 Bd8 53. f7 Ke7 54.
Bf6+ 1-0

[Event "DRUZYNOWE MISTRZOSTWA POLSKI JUNIOROW - II LIGA"]
[Site "Szczyrk, CKiR Orle Gniazdo ul. Wrzosowa 28a"]
[Date "2014-07-26"]
[Round "3.70"]
[White "Szeliga, Sebastian"]
[Black "Modlich, Piotr"]
[Result "0-1"]
[WhiteTitle "II"]
[BlackTitle "II"]
[WhiteElo "1183"]
[BlackElo "1465"]

1. e4 c5 2. Nf3 d6 3. Bb5+ Bd7 4. Bxd7+ Qxd7 5. O-O Nc6 6. c3 Nf6 7. Re1 e6 8.
d4 cxd4 9. cxd4 Be7 10. Nc3 O-O 11. Bf4 Rfd8 12. Rc1 d5 13. e5 Ne4 14. Nd2 Nxc3
15. bxc3 Rac8 16. Qg4 Na5 17. Bh6 Bf8 18. Bg5 Re8 19. Nb3 Nxb3 20. axb3 Qb5 21.
b4 Rc4 22. Re2 Rec8 23. Qf3 Bxb4 24. Rb2 Qa5 25. Rcb1 Rxc3 26. Qf4 R3c4 27. h3
b6 28. Qg4 Bf8 29. h4 Rc2 30. Rb3 Qa2 31. Be3 Qa6 32. h5 Qb7 33. Bh6 R2c3 34.
Bxg7 Bxg7 35. h6 f5 36. Qg5 Qf7 37. Rxc3 Rxc3 38. hxg7 Qxg7 39. Qd8+ Qf8 40. Qg5+
Kh8 41. g3 Rc8 42. Kg2 Qg7 43. Qh4 h6 44. Rh1 Kh7 45. Qf4 Rg8 46. Qh4 Qg5 47.
Qh3 Rg7 48. Rh2 Rg6 49. Rh1 Qg4 50. Qxg4 Rxg4 51. f4 Rg7 52. Rc1 Re7 53. Kf2 Kg7
54. Ke3 Kf7 55. Rc8 Kg6 56. Rg8+ Kf7 57. Rh8 Rd7 58. Rxh6 Ke7 59. Rh8 Rc7 60.
Rh7+ Kd8 61. Rh6 Kd7 62. Rh7+ Kc6 63. Rh6 Re7 64. Rh8 a5 65. Rc8+ Kb5 66. Rb8
a4 67. Ra8 Kb4 68. Rb8 b5 69. Kd3 Rc7 70. Re8 Rc6 71. Rh8 a3 72. Rh1 a2 73. Rd1
Kb3 74. Re1 Ra6 75. Ra1 Kb2 76. Rd1 a1=Q 77. Rd2+ Kb3 78. Rb2+ Qxb2 79. Ke3 Qc3+
80. Ke2 Ra2+ 81. Kd1 Qa1# 0-1

[Event "DRUZYNOWE MISTRZOSTWA POLSKI JUNIOROW - II LIGA"]
[Site "Szczyrk, CKiR Orle Gniazdo ul. Wrzosowa 28a"]
[Date "2014-07-26"]
[Round "3.71"]
[White "Hryn, Zofia"]
[Black "Wojcik, Jagoda"]
[Result "0-1"]
[WhiteTitle "II"]
[BlackTitle "I"]
[WhiteElo "1320"]
[BlackElo "1379"]

1. e4 c5 2. Nf3 Nc6 3. d4 cxd4 4. Nxd4 g6 5. b4 Nf6 6. Nc3 Bg7 7. Bb2 O-O 8. Bc4
Nxe4 9. Nxe4 d5 10. Nxc6 bxc6 11. Bxg7 Kxg7 12. Bxd5 Qxd5 13. Qxd5 cxd5 14. Ng3
Ba6 15. Kd2 Rac8 16. Rhe1 Rc7 17. Ne2 e5 18. Rac1 Rfc8 19. Ng3 f6 20. h4 Rc3 21.
h5 e4 22. Re3 R3c5 23. hxg6 hxg6 24. f3 f5 25. fxe4 dxe4 26. Ne2 Rd8+ 27. Ke1
Kf6 28. c4 Bb7 29. Rd1 Rxd1+ 30. Kxd1 Ke5 31. g3 g5 32. Nc1 Kd4 33. Re2 e3 34.
Ke1 f4 35. gxf4 gxf4 36. Rc2 Be4 37. Ne2+ Ke5 38. Rc3 Bg2 39. Rd3 Be4 40. Rc3
Rc8 41. c5 Rh8 42. Kf1 Rh1+ 43. Ng1 Bc6 44. a4 Bf3 45. Rc1 Bc6 46. Ke2 Rh2+ 47.
Kd3 Rd2+ 48. Kc3 Ke4 49. Re1 Rd3+ 50. Kc2 a5 51. Re2 Rd5 52. Kc1 Rxc5+ 53. Kb2
f3 54. Re1 f2 55. Rf1 fxg1=Q 56. Rxg1 Kd3 57. Rd1+ Ke2 58. Rc1 Rxc1 59. Kxc1 Kf1
60. Kd1 e2+ 61. Kd2 e1=Q+ 62. Kc2 Qe3 63. Kb2 Bd5 64. b5 Qb3+ 65. Ka1 Qa2# 0-1

[Event "DRUZYNOWE MISTRZOSTWA POLSKI JUNIOROW - II LIGA"]
[Site "Szczyrk, CKiR Orle Gniazdo ul. Wrzosowa 28a"]
[Date "2014-07-26"]
[Round "3.72"]
[White "Kawecka, Malgorzata"]
[Black "Hryn, Aleksandra"]
[Result "0-1"]
[WhiteTitle "II+"]
[BlackTitle "II+"]
[WhiteElo "1235"]
[BlackElo "1293"]

1. e4 c5 2. Nf3 d6 3. Bb5+ Nd7 4. d4 cxd4 5. Qxd4 Ngf6 6. Nc3 a6 7. Bxd7+ Bxd7
8. Be3 g6 9. O-O Bg7 10. Qd3 O-O 11. h3 Qc7 12. a4 Rac8 13. Bd4 Rfe8 14. Rfe1
Bc6 15. Rac1 Red8 16. Qe3 Qd7 17. e5 dxe5 18. Bxe5 Bxa4 19. Bf4 e6 20. Bg5 Rf8
21. Bh6 Nd5 22. Nxd5 Qxd5 23. Red1 Qc5 24. Qf4 Bc6 25. Bxg7 Kxg7 26. Ne5 f6 27.
Nd7 Bxd7 28. Rxd7+ Rf7 29. Rxf7+ Kxf7 30. Qh6 Kg8 31. Rd1 Qe7 32. c3 Rd8 33. Rxd8+
Qxd8 34. Qe3 Qd1+ 35. Kh2 Qd6+ 36. Kg1 Kg7 37. Qa7 Qd7 38. Qb6 e5 39. Kh2 Qe7
40. b4 Qd7 41. f3 Kf7 42. c4 Ke7 43. c5 Qc6 44. Qa5 f5 45. Qa3 e4 46. Qe3 Qe6
47. fxe4 Qxe4 48. Qg5+ Ke6 49. Qh6 Qe5+ 50. Kh1 Qc7 51. Qh4 Qe7 52. Qc4+ Kd7 53.
Qd4+ Kc7 54. Qc4 Qe1+ 55. Kh2 Qe5+ 56. Kh1 Qe7 57. Kh2 Qe5+ 58. Kh1 Kc6 59. Kg1
Qd5 60. Qc3 Kb5 61. Qg7 Kxb4 62. Qxh7 Qxc5+ 63. Kh2 Qd6+ 64. Kh1 b5 65. Qh4+ Ka5
66. Qe1+ b4 67. Qa1+ Kb6 68. Qb2 a5 69. Qf2+ Qc5 70. Qg3 Qc1+ 71. Kh2 Qc7 0-1

[Event "DRUZYNOWE MISTRZOSTWA POLSKI JUNIOROW - II LIGA"]
[Site "Szczyrk, CKiR Orle Gniazdo ul. Wrzosowa 28a"]
[Date "2014-07-26"]
[Round "3.73"]
[White "Tamon, Radoslaw"]
[Black "Ogonowski, Jakub"]
[Result "1-0"]
[WhiteTitle "I"]
[BlackTitle "I+"]
[WhiteElo "1721"]
[BlackElo "1853"]

1. e4 c5 2. Nf3 d6 3. d4 cxd4 4. Nxd4 Nf6 5. Nc3 a6 6. Be3 e5 7. Nb3 Be6 8. Be2
Be7 9. Qd2 O-O 10. f4 Qc7 11. f5 Bc4 12. g4 Bxe2 13. Qxe2 Qc6 14. Na5 Qc7 15.
Nb3 Qc6 16. Na5 Qc7 17. Nb3 Qc6 18. Qf3 Rc8 19. g5 Ne8 20. Nd5 Bd8 21. c3 Nd7
22. O-O-O Nc5 23. Nxc5 dxc5 24. h4 b5 25. Kb1 Rab8 26. h5 f6 27. gxf6 Nxf6 28.
Nxf6+ Bxf6 29. h6 Rd8 30. Rdg1 Rb7 31. hxg7 Rxg7 32. Rxg7+ Bxg7 33. Qg4 Rd6 34.
Rg1 Qc7 35. Bxc5 Rc6 36. Be3 Qf7 37. Qh4 Rd6 38. Bh6 1-0

[Event "DRUZYNOWE MISTRZOSTWA POLSKI JUNIOROW - II LIGA"]
[Site "Szczyrk, CKiR Orle Gniazdo ul. Wrzosowa 28a"]
[Date "2014-07-26"]
[Round "3.74"]
[White "Sanz Wawer, Daniel"]
[Black "Blocinski, Maciej"]
[Result "1/2-1/2"]
[WhiteTitle "I"]
[BlackTitle "I"]
[WhiteElo "1736"]
[BlackElo "1717"]

1. e4 e5 2. Nf3 Nc6 3. d4 exd4 4. Bc4 Nf6 5. Ng5 d5 6. exd5 Qe7+ 7. Kf1 Ne5 8.
Qxd4 Nxc4 9. Qxc4 Qc5 10. Qxc5 Bxc5 11. Nc3 Bf5 12. Bf4 O-O 13. Rd1 Bb6 14. Rd2
Ba5 15. f3 Rad8 16. g4 Bg6 17. Kf2 Bxc3 18. bxc3 Rxd5 19. Rxd5 Nxd5 20. Bg3 Nxc3
21. Re1 h6 22. Ne4 Nxe4+ 23. fxe4 Rd8 24. Ke3 c5 25. Re2 Rd4 26. Kf3 Ra4 27. c3
Ra3 28. Rc2 f6 29. Kf4 Bf7 30. e5 fxe5+ 31. Kxe5 Rxa2 32. Rxa2 Bxa2 33. Kd6 c4
34. Kc7 a5 35. Kxb7 a4 36. Kb6 Bb3 37. Bd6 Kf7 38. Kb5 Ke6 39. Bf8 Kf7 40. Bd6
Kf6 41. Kb4 Kg5 42. Bf8 g6 43. h3 h5 44. Be7+ Kh6 45. gxh5 Kxh5 46. h4 Kg4 47.
Ka3 Kf5 48. Kb2 Ke4 49. Bf8 Kd3 50. Ba3 Ke4 51. Be7 Kf5 52. Ka3 Ke4 53. Kb2 1/2-1/2

[Event "DRUZYNOWE MISTRZOSTWA POLSKI JUNIOROW - II LIGA"]
[Site "Szczyrk, CKiR Orle Gniazdo ul. Wrzosowa 28a"]
[Date "2014-07-26"]
[Round "3.75"]
[White "Wloch, Mikolaj"]
[Black "Baum, Jonasz"]
[Result "1/2-1/2"]
[WhiteTitle "II"]
[BlackTitle "II+"]
[WhiteElo "1482"]
[BlackElo "1632"]

1. e4 e5 2. Nf3 Nc6 3. d4 exd4 4. Bc4 Nf6 5. c3 dxc3 6. Nxc3 d6 7. h3 Be7 8. O-O
O-O 9. Be3 Nd7 10. Rc1 Nde5 11. Bb3 Nxf3+ 12. Qxf3 Be6 13. Nd5 Ne5 14. Qe2 c6
15. f4 Nd7 16. f5 Bxd5 17. exd5 c5 18. Bf4 Re8 19. Qb5 Nb6 20. Qd3 Bf6 21. Rc2
Bd4+ 22. Kh1 f6 23. g4 Be5 24. Bc1 Re7 25. g5 Qe8 26. gxf6 Bxf6 27. Qg3 Rd8 28.
Rg2 Re2 29. Rxe2 Qxe2 30. Re1 Qh5 31. Qd3 c4 32. Bd1 cxd3 33. Bxh5 Nxd5 34. Rd1
Rc8 35. Bf3 Rc5 36. Kg2 Ne7 37. Bxb7 Nxf5 38. Be4 Re5 39. Bxf5 Rxf5 40. Rxd3 Be5
41. Be3 a5 42. Rd5 Rf6 43. b3 Rg6+ 44. Kf2 Bc3 45. Bb6 Bb4 46. Bxa5 Bc5+ 47. Kf3
Rf6+ 48. Kg3 Rg6+ 49. Kf4 Rf6+ 50. Kg3 Rg6+ 51. Kf3 Rf6+ 52. Kg4 Rg6+ 53. Rg5
Re6 54. Kf3 Re3+ 55. Kg4 Re2 56. b4 Rg2+ 57. Kf5 g6+ 58. Kf4 Be3+ 59. Kxe3 Rxg5
60. Bc7 Rg3+ 61. Kd4 Ra3 62. b5 Rxa2 63. b6 Rb2 64. Kd5 1/2-1/2

[Event "DRUZYNOWE MISTRZOSTWA POLSKI JUNIOROW - II LIGA"]
[Site "Szczyrk, CKiR Orle Gniazdo ul. Wrzosowa 28a"]
[Date "2014-07-26"]
[Round "3.76"]
[White "Czernek, Tymon"]
[Black "Bawej, Jakub"]
[Result "1-0"]
[WhiteTitle "II"]
[BlackTitle "III"]
[WhiteElo "1508"]
[BlackElo "1349"]

1. d4 d5 2. Nf3 Nf6 3. Bg5 e6 4. e3 c5 5. c3 Nc6 6. Nbd2 Be7 7. Bd3 O-O 8. O-O
c4 9. Bc2 b6 10. Re1 h6 11. Bh4 Bb7 12. Ne5 Nxe5 13. dxe5 Nd7 14. Bxe7 Qxe7 15.
f4 f6 16. exf6 Qxf6 17. Qf3 e5 18. Qg4 Rad8 19. Rf1 e4 20. Rad1 Qf5 21. Qxf5 Rxf5
22. Nf3 Rff8 23. Nd4 Rde8 24. Ba4 Re7 25. Bxd7 Rxd7 26. h3 Rdf7 27. g4 g6 28.
Kg2 Bc8 29. Kg3 Bd7 30. b3 cxb3 31. axb3 b5 32. b4 Rf6 33. Nb3 Be6 34. Nc5 Rd8
35. Ra1 Ra8 36. Ra6 Kf7 37. Rfa1 Bc8 38. Rxa7+ Rxa7 39. Rxa7+ Kg8 40. Ra8 Rf8
41. Rb8 g5 42. f5 h5 43. Rxb5 h4+ 44. Kg2 Kh8 45. Rb6 Kg7 46. Rg6+ Kh7 47. Rxg5
Rf6 48. Rh5+ Rh6 49. Rxh6+ Kxh6 50. b5 Kg7 51. b6 Kf7 52. b7 Bxb7 53. Nxb7 Kf6
54. Nc5 Ke5 55. Kf2 Kd6 56. Nxe4+ dxe4 57. f6 Ke6 58. g5 Kf7 59. c4 Kg6 60. c5
Kh5 61. f7 Kxg5 62. f8=Q Kg6 63. Qf4 Kh7 64. Qg4 Kh6 65. c6 Kh7 66. c7 Kh6 67.
c8=R Kh7 68. Rc6 Kh8 69. Rh6# 1-0